| 000 | 00368nam a2200145Ia 4500 | ||
|---|---|---|---|
| 008 | 230917s9999||||xx |||||||||||||| ||und|| | ||
| 040 |
_e154059 _aMAIN |
||
| 041 | _aEnglish | ||
| 082 | _a891.21 K949D | ||
| 100 | _aKshemendra | ||
| 245 | 0 | _aDashavtarcharitam | |
| 260 |
_aNew Delhi _bMunshiram Manohar Lal Publishers Pvt Ltd _c1983 |
||
| 300 | _a164p p. | ||
| 942 | _cBK | ||
| 999 |
_c37689 _d37689 |
||